000 00525nam a2200205Ia 4500
003 GCL
008 140319s9999 xx 000 0 eng d
040 _aGCL /
_cGCL
082 0 4 _aCC
_b932
_bS E
100 1 _aSCHULZ, REGINE
245 1 0 _aEGYPT THE WORLD OF THE PHAROAHS /
_cSCHULZ, REGINE
700 1 _aSEIDEL, MATTHIES
700 1 _aATKINS, HELEN
260 _a[S.N] :
_bKONEMANN ،
_c1998
300 _a538 P
650 0 4 _aHISTORY
650 0 4 _aEGYPT - HISTORY
650 0 4 _aEGYPT - ANTIQUITIES
942 _2ddc
_cBK
999 _c16475
_d16475